LEADER 01106nam a2200241 i 4500 001 000000028210 003 CaOOAMICUS 005 20231013121636.0 008 180830s1866 it u000 u ita u 040 $aSeMil$bita 100 1 $aPavy, Louis Antoine Agustin .$0(OLS)http://semarc/name/12890 245 10$aDel celibato ecclesiastico /$cper monsignore Luigi Antonio Agostino Pavy ; versione del canonico Pierfilippo Lobetti ; con aggiunte relative all'attual diritto italiano. 260 $aParma :$bPietro Fiaccadori,$c1866. 300 $a2 v. ;$c17 cm. 490 1 $aNuova biblioteca di civile e cristiana sapienza 650 4$aCelibato ecclesiastico.$0(OLS)http://semarc/subject/1627 700 1 $aLobetti, Pierfilippo.$0(OLS)http://semarc/name/12891 774 0 $tVol. 1.$g1$w()52320 774 0 $tVol. 2.$g2$w()219281 830 0$aNuova biblioteca di civile e cristiana sapienza.$0(OLS)http://semarc/title/37680 996 $6245$aDel celibato ecclesiastico$9(OLS)http://semarc/title/38274 996 $6260$aParma :$bPietro Fiaccadori$9(OLS)http://semarc/publisher/31450 LEADER 00865nam a2200217 i 4500 001 000000041578 003 CaOOAMICUS 005 20220214142057.0 008 120614s1752 fr u000 u fre u 013 $a12748 026 $ayet. len- rse- somS (7) 1752 (R) 040 $aSeMil$bita 245 10$aTome 1. 300 $axix, [1], 412, [6] p. 500 $aNota ms. in francese sul v. della prima c. di guardia circa alcune modifiche apportate nelle 3. Ed. della stessa opera 500 $aSegn.: a8 b2 A-R12 S2 T4 773 0 $aMey, Claude <1712-1796>$tApologie des jugemens rendus en France contre le schisme par les tribunaux séculiers, dans laquelle on établit.$g1$w()20053 850 $aSeMil 852 $aSeMil$W1$xVenegono$y1$m2A I 34 FA$j7733$B7733$CSeMilBibl$Z2$F7733 $8I 996 $6245$aTome 1$9(OLS)http://semarc/title/1447